Автоматическая оценка ракурса лица в кадре и приведение изображения к нулевым углам поворота; Научная визуализация; Т. 7, № 4
| Parent link: | Научная визуализация: электронный журнал.— , 2009- Т. 7, № 4.— 2015.— [С. 101-108] |
|---|---|
| المؤلف الرئيسي: | |
| مؤلفون مشاركون: | , |
| مؤلفون آخرون: | , |
| الملخص: | Заглавие с титульного листа В работе приведены результаты исследований применимости визуальных методов исследований для анализа данных, имеющих различное происхождение и уровень формализации. Выделены признаки задач визуализации, позволяющие осуществлять оптимальный выбор визуальных моделей данных. Results of researches of visual research methods applicability for the analysis of the data having various origin and formalization level are given in this item. The features of visualization problems allowing to carry out an optimum choice of visual data models are allocated. |
| اللغة: | الروسية |
| منشور في: |
2015
|
| الموضوعات: | |
| الوصول للمادة أونلاين: | http://sv-journal.org/2015-4/09.php?lang=ru |
| التنسيق: | الكتروني فصل الكتاب |
| KOHA link: | https://koha.lib.tpu.ru/cgi-bin/koha/opac-detail.pl?biblionumber=648423 |
MARC
| LEADER | 00000naa0a2200000 4500 | ||
|---|---|---|---|
| 001 | 648423 | ||
| 005 | 20250221110115.0 | ||
| 035 | |a (RuTPU)RU\TPU\network\13580 | ||
| 090 | |a 648423 | ||
| 100 | |a 20160519d2015 k||y0rusy50 ca | ||
| 101 | 0 | |a rus | |
| 102 | |a RU | ||
| 135 | |a drcn ---uucaa | ||
| 181 | 0 | |a i | |
| 182 | 0 | |a b | |
| 200 | 1 | |a Автоматическая оценка ракурса лица в кадре и приведение изображения к нулевым углам поворота |d Automatic estimation of the face angle in the frame and transformation of images into zero rotation angles |f С. Г. Небаба, А. А. Захарова, С. Ю. Андреев | |
| 203 | |a Текст |c электронный | ||
| 300 | |a Заглавие с титульного листа | ||
| 320 | |a [Библиогр.: с. 80 (10 назв.)] | ||
| 330 | |a В работе приведены результаты исследований применимости визуальных методов исследований для анализа данных, имеющих различное происхождение и уровень формализации. Выделены признаки задач визуализации, позволяющие осуществлять оптимальный выбор визуальных моделей данных. | ||
| 330 | |a Results of researches of visual research methods applicability for the analysis of the data having various origin and formalization level are given in this item. The features of visualization problems allowing to carry out an optimum choice of visual data models are allocated. | ||
| 461 | |t Научная визуализация |o электронный журнал |d 2009- | ||
| 463 | |t Т. 7, № 4 |v [С. 101-108] |d 2015 | ||
| 510 | 1 | |a Automatic estimation of the face angle in the frame and transformation of images into zero rotation angles |z eng | |
| 610 | 1 | |a электронный ресурс | |
| 610 | 1 | |a труды учёных ТПУ | |
| 610 | 1 | |a растровое изображение | |
| 610 | 1 | |a точки | |
| 610 | 1 | |a оценка | |
| 700 | 1 | |a Небаба |b С. Г. |c математик |c старший преподаватель Томского политехнического университета, кандидат технических наук |f 1989- |g Степан Геннадьевич |3 (RuTPU)RU\TPU\pers\29783 |9 14260 | |
| 701 | 1 | |a Захарова |b А. А. |c специалист в области информатики и вычислительной техники |c профессор Томского политехнического университета, доктор технических наук |f 1972- |g Алена Александровна |3 (RuTPU)RU\TPU\pers\25392 |9 11335 | |
| 701 | 1 | |a Андреев |b С. Ю. |c специалист в области информатики и вычислительной техники |c программист Томского политехнического университета |f 1980- |g Сергей Юрьевич |3 (RuTPU)RU\TPU\pers\30460 |9 14785 | |
| 712 | 0 | 2 | |a Национальный исследовательский Томский политехнический университет |b Институт кибернетики |b Кафедра инженерной графики и промышленного дизайна |3 (RuTPU)RU\TPU\col\18737 |9 27186 |
| 712 | 0 | 2 | |a Национальный исследовательский Томский политехнический университет |b Институт кибернетики |b Кафедра инженерной графики и промышленного дизайна |b Научно-учебная лаборатория 3D моделирования |3 (RuTPU)RU\TPU\col\20373 |9 27729 |
| 801 | 2 | |a RU |b 63413507 |c 20160519 |g RCR | |
| 856 | 4 | |u http://sv-journal.org/2015-4/09.php?lang=ru | |
| 942 | |c CF | ||